000 00286nam a22001217a 4500
040 _cHS
082 _a338 ALL 1983 C089
100 _aALLEN MAUNDER
245 _aGrowth and equity in agricultural development
260 _aEngland
_bALLEN MAUNDER
_c1983
300 _a619p;
942 _cEK
999 _c11129
_d11129